| 000 | 00526nam a22001697a 4500 | ||
|---|---|---|---|
| 003 | BD-DhUL | ||
| 005 | 20160831111313.0 | ||
| 008 | 160831b xxu||||| |||| 00| 0 eng d | ||
| 040 | _cBD-DhUL | ||
| 082 |
_a928 _bABL |
||
| 100 | _aফজল, আবুল | ||
| 245 |
_aলেখকের রোজনামচা / _cফজল, আবুল |
||
| 260 |
_aঢাকা : _bনওরোজ, _c১৯৬৮ |
||
| 300 |
_a২৩০ পৃ. ; _c২২ সেমি. |
||
| 650 |
_aইতিহাস _vHistory |
||
| 942 |
_2ddc _cBK |
||
| 999 |
_c103304 _d103304 |
||